000 00621nam a2200217Ia 4500
003 OSt
005 20230509111721.0
008 210423s2007 xx 000 0 und d
040 _cAL
041 _aeng
082 _a574.8212
_223
_b SHYK
100 _aSHYAMASUNDARI (K);RAO (K Hanumantha).
_9100565
245 _aHistochemistry in focus: a sourcebook of techniques and research needs.
250 _a3
260 _aChennai
_bMJP Publishers
_c2007
300 _axii,873
365 _b790
_cINR
440 _v4
906 _afocus: ; Histochemistry ; needs. ; research ; sourcebook ; techniques
942 _2ddc
_cBK
999 _c163983
_d163983